000 00982naa a22002777a 4500
001 BR8106301
003 BR-BrBNA
005 20240918174924.0
007 ta
008 230509b bl.||||| |||| 00| 0 por d
040 _aBR-BrBNA
_bpor
_cBiblioteca Nacional de Agricultura
041 _a(Pt)
072 _aF00
_b0430
_b3610
_bG514
090 _aF00 BR8106301
100 1 _aLaca-Buendia, J.P.
245 1 _aEstudo de doses de desfolhante DROPP na cultura algodoeira (Gossypium hirsutum L.), no Triangulo Mineiro [Minas Gerais, Brasil]
260 3 _aBelo Horizonte, MG (Brasil):
_c1981.
500 _aProjeto algodao. Relatorio 78/79 Belo Horizonte, MG (Brasil): 1981. p. 42 (BR8106301-AM)F00
650 _aALGODAO
650 _aDESFOLHANTE
650 _aTRIANGULO MINEIRO
650 _aMINAS GERAIS
773 0 _tProjeto algodao. Relatorio 78/79
_wF00 BR8106301
_gBelo Horizonte, MG (Brasil), 1981. p. 42
909 _a202404
_bLucia
_c55
_dLucia Elande
942 _cAM
_2AGRIS
999 _c314370
_d314370